000 00716nam a22001937a 4500
999 _c18685
_d18685
008 240117b ||||| |||| 00| 0 eng d
020 _a9786214780082
082 _22022
_aDFil 658.405
_bV839
100 _aVizconde, Angelie Marie L.
_946805
245 _aCrowd and crisis management /
_cAngelie Marie L. Vizconde, Alejandro D. Magnaye, and Laila D. Malabanan.
260 _aManila :
_bEdric publishing house,
_c©2022.
300 _a92 pages :
_billustrations ;
_c25 cm.
500 _aIncludes references.
650 _aCrisis management.
_950714
650 _aCrowd
_xManagement.
_950715
700 _aMagnaye, Alejandro D.
_eauthor.
_950711
700 _aMalabanan, Laila D.
_eauthor.
_950712
942 _2ddc
_cDFIL